Szczegóły MARC
| 000 -Nagłówek |
| fixed length control field |
03051cam a2200685 i 4500 |
| 001 - Nr kontrolny bibl., która utworzyła rek. |
| control field |
xx004874402 |
| 003 - Siglum bibl., której nr kontr. jest w 001 |
| control field |
NUKAT |
| 005 - Data i czas ostatniej operacji |
| control field |
20260430131859.0 |
| 008 - Elementy pola stałej długości |
| fixed length control field |
200601s2020 pl a |001 i pol c |
| 020 ## - ISBN |
| ISBN |
9788360108567 |
| dopowiedzenie |
(oprawa twarda) |
| 020 ## - ISBN |
| ISBN |
9788380988644 |
| dopowiedzenie |
(oprawa twarda) |
| 035 ## - Systemowy numer kontrolny |
| systemowy numer kontrolny |
(OCoLC)1156635796 |
| 035 ## - Systemowy numer kontrolny |
| systemowy numer kontrolny |
(NUKAT)xx004874402 |
| 040 ## - Instytucja sporządzająca opis |
| Instytucja, która sporządziła opis |
KAT U/MP |
| język katalgowania-trzyzn. kod |
pol |
| zasady opisu |
rda |
| Instytucja, która sporządziła rekord |
KAT U/MPs |
| Instytucja, która zmodyfikowała rekord |
KAT U/DL |
| -- |
WA 14/PTs |
| -- |
OLSZT 008/bak |
| 045 2# - Okres czasu dla zawartości |
| czas między r. 9999 pne a nasz. czas. |
d1939 |
| -- |
d1940 |
| 046 ## - Kod rodz. daty, data1, data2 (daty pne) |
| Begin/single date |
2020 |
| Single or starting date for aggregated content |
1939 |
| Ending date for aggregated content |
1940 |
| 245 00 - Tytuł właściwy i oznaczenie odpow. |
| tytuł |
Tatuś wasz jest w Rosji... : |
| dodatek do tytułu |
listy kieleckich katyńczyków / |
| dod. inf. ze s. tyt./ozn. odpow. |
wstęp, wybór i opracowanie Marek Jończyk. |
| 246 30 - Inne formy tytułu, wariant tytułu |
| tytuł |
Listy kieleckich katyńczyków |
| 260 ## - Adres wydawniczy |
| miejsce wydania, dystrybucji itp. |
Kielce : |
| nazwa wydawcy, dystrybutora itp. |
Wojewódzka Biblioteka Publiczna im. Witolda Gombrowicza w Kielcach ; |
| miejsce wydania, dystrybucji itp. |
Warszawa : |
| nazwa wydawcy, dystrybutora itp. |
Instytut Pamięci Narodowej - Komisja Ścigania Zbrodni przeciwko Narodowi Polskiemu, |
| data wydania, dystrybucji itp. |
2020. |
| 300 ## - Opis fizyczny |
| objętość i/lub forma materiału |
214 stron : |
| inne szczegóły opisu fizycznego |
ilustracje ; |
| format |
24 cm. |
| 336 ## - Content Type |
| Term |
Tekst |
| Code |
txt |
| Source |
rdacontent |
| 337 ## - Media Type |
| Term |
Bez urządzenia pośredniczącego |
| Code |
n |
| Source |
rdamedia |
| 338 ## - Carrier Type |
| Term |
Wolumin |
| Code |
nc |
| Source |
rdacarrier |
| 380 ## - Form of work |
| Form of work |
Książki |
| 380 ## - Form of work |
| Form of work |
Literatura faktu, eseje, publicystyka |
| 380 ## - Form of work |
| Form of work |
Publikacje naukowe |
| 386 ## - Creator/Contributor Characteristics |
| Demographic group term |
Przynależność kulturowa |
| Creator/contributor term |
Literatura polska |
| 388 1# - TIME PERIOD OF CREATION |
| Time period of creation term |
1901-2000 |
| 388 1# - TIME PERIOD OF CREATION |
| Time period of creation term |
1939-1945 |
| 388 1# - TIME PERIOD OF CREATION |
| Time period of creation term |
2001- |
| 490 1# - Tytuł serii i ks. wielotom.-nie do wysz. |
| oznaczenie serii |
Seria świętokrzyska : dzienniki, wspomnienia, pamiętniki, listy ; |
| numer woluminu |
t. 5 |
| 504 ## - Uwaga o bibliografii |
| uwaga o bibliografii |
Bibliografia na stronach 185-192. Indeksy. |
| 648 #7 - SUBJECT ADDED ENTRY--CHRONOLOGICAL TERM |
| Chronological term |
1901-2000 |
| Source of heading or term |
DBN |
| 9 (RLIN) |
34996 |
| 648 #7 - SUBJECT ADDED ENTRY--CHRONOLOGICAL TERM |
| Chronological term |
1939-1945 |
| Source of heading or term |
DBN |
| 9 (RLIN) |
36042 |
| 650 #7 - Hasło przedmiotowe-nazwa pospolita |
| nazwa pospolita lub geogr. |
Jeńcy wojenni |
| źródło hasła |
DBN |
| 9 (RLIN) |
35366 |
| 650 #7 - Hasło przedmiotowe-nazwa pospolita |
| nazwa pospolita lub geogr. |
Ofiary prześladowań |
| źródło hasła |
DBN |
| 9 (RLIN) |
40037 |
| 650 #7 - Hasło przedmiotowe-nazwa pospolita |
| nazwa pospolita lub geogr. |
Polacy |
| źródło hasła |
DBN |
| 9 (RLIN) |
35100 |
| 650 #7 - Hasło przedmiotowe-nazwa pospolita |
| nazwa pospolita lub geogr. |
Sprawa katyńska |
| źródło hasła |
DBN |
| 9 (RLIN) |
40759 |
| 650 #7 - Hasło przedmiotowe-nazwa pospolita |
| nazwa pospolita lub geogr. |
Więźniowie obozów |
| źródło hasła |
DBN |
| 9 (RLIN) |
36983 |
| 650 #7 - Hasło przedmiotowe-nazwa pospolita |
| nazwa pospolita lub geogr. |
Zbrodnia katyńska (1940) |
| źródło hasła |
DBN |
| 9 (RLIN) |
40760 |
| 650 #7 - Hasło przedmiotowe-nazwa pospolita |
| nazwa pospolita lub geogr. |
Katyń, Zbrodnia (1940). |
| źródło hasła |
kaba |
| 9 (RLIN) |
40761 |
| 650 #7 - Hasło przedmiotowe-nazwa pospolita |
| nazwa pospolita lub geogr. |
Jeńcy wojenni polscy |
| określnik geograficzny |
Związek Radziecki |
| określnik chronologiczny |
1900-1945 |
| określnik formy |
korespondencja. |
| źródło hasła |
kaba |
| 9 (RLIN) |
41034 |
| 650 #7 - Hasło przedmiotowe-nazwa pospolita |
| nazwa pospolita lub geogr. |
Obozy koncentracyjne |
| określnik geograficzny |
Związek Radziecki |
| określnik chronologiczny |
1900-1945. |
| źródło hasła |
kaba |
| 9 (RLIN) |
41035 |
| 650 #7 - Hasło przedmiotowe-nazwa pospolita |
| nazwa pospolita lub geogr. |
Wojna światowa (1939-1945) |
| określnik rzeczowy |
więźniowie i więzienia Sowietów. |
| źródło hasła |
kaba |
| 9 (RLIN) |
41036 |
| 650 #7 - Hasło przedmiotowe-nazwa pospolita |
| nazwa pospolita lub geogr. |
Wojna światowa (1939-1945) |
| określnik rzeczowy |
straty |
| określnik geograficzny |
Polska |
| -- |
Kielce (region). |
| źródło hasła |
kaba |
| 9 (RLIN) |
41037 |
| 651 #7 - Hasło przedmiotowe-nazwa geogr. |
| nazwa geograficzna |
Kielce (woj. świętokrzyskie ; okolice) |
| źródło hasła |
DBN |
| 9 (RLIN) |
41038 |
| 651 #7 - Hasło przedmiotowe-nazwa geogr. |
| nazwa geograficzna |
ZSRR |
| źródło hasła |
DBN |
| 9 (RLIN) |
37200 |
| 655 #7 - Termin określający rodzaj/formę |
| rodzaj/forma |
Antologia |
| źródło terminu |
DBN |
| 9 (RLIN) |
34961 |
| 655 #7 - Termin określający rodzaj/formę |
| rodzaj/forma |
Listy |
| źródło terminu |
DBN |
| 9 (RLIN) |
37131 |
| 655 #7 - Termin określający rodzaj/formę |
| rodzaj/forma |
Wydawnictwo źródłowe |
| źródło terminu |
DBN |
| 9 (RLIN) |
35066 |
| 655 #7 - Termin określający rodzaj/formę |
| rodzaj/forma |
Listy polskie |
| określnik chronologiczny |
1900-1945. |
| źródło terminu |
kaba |
| 9 (RLIN) |
41039 |
| 658 ## - Nazwa określająca cel programu nauczania |
| główny cel programu nauczania |
Historia |
| 700 1# - Hasło dodatkowe - nazwa osobowa |
| nazwa osobowa |
Jończyk, Marek |
| daty biograficzne |
(1966- ). |
| rodzaj współpracy |
Wstęp |
| -- |
Redakcja |
| 9 (RLIN) |
41033 |
| 710 2# - Hasło dodatkowe - nazwa ciała zbior. |
| nazwa ciała zbior. lub nazwa geogr. |
Instytut Pamięci Narodowej - Komisja Ścigania Zbrodni przeciwko Narodowi Polskiemu. |
| rodzaj współpracy |
Wydawca |
| kod rodzaju współpracy |
pbl |
| 9 (RLIN) |
11792 |
| 710 2# - Hasło dodatkowe - nazwa ciała zbior. |
| nazwa ciała zbior. lub nazwa geogr. |
Wojewódzka Biblioteka Publiczna im. Witolda Gombrowicza (Kielce). |
| rodzaj współpracy |
Wydawca |
| kod rodzaju współpracy |
pbl |
| 9 (RLIN) |
17110 |
| 830 #0 - Hasło dod. serii i op. ks. wielotom. -tyt |
| tytuł |
Seria Świętokrzyska "Dzienniki, Wspomnienia, Pamiętniki, Listy" |
| oznaczenie tomu |
t. 5 |
| 9 (RLIN) |
17113 |
| 920 ## - ISBN |
| ISBN |
978-83-60108-56-7 (oprawa twarda) |
| 920 ## - ISBN |
| ISBN |
978-83-8098-864-4 (oprawa twarda) |
| 942 ## - ADDED ENTRY ELEMENTS (KOHA) |
| Source of classification or shelving scheme |
Dewey Decimal Classification |
| Koha item type |
pozycje dostępne na miejscu |